[Event "GER-chT U18 Girls"]
[Site "Germany"]
[Date "2012.05.06"]
[Round "7.3"]
[White "Caliebe, Frauke"]
[Black "Boden, Talitha"]
[Result "1-0"]
[WhiteElo "944"]
[BlackElo "964"]
[PlyCount "181"]
[EventDate "2012.05.04"]
[EventType "team-swiss"]
[EventRounds "7"]
[EventCountry "GER"]
[SourceTitle "EXT 2014"]
[Source "ChessBase"]
[SourceDate "2013.11.20"]
[SourceVersion "1"]
[SourceVersionDate "2013.11.20"]
[SourceQuality "1"]
[WhiteTeam "Altenholz Gymn (W)"]
[BlackTeam "Aue CWG (W)"]
[WhiteTeamCountry "GER"]
[BlackTeamCountry "GER"]

1. d4 d5 2. c4 dxc4 3. Nc3 Nf6 4. Nf3 Nc6 5. e4 g6 6. Bxc4 e6 7. Bg5 Bg7 8. 0-0 0-0 9. e5 Nb8 10. exf6 Bxf6 11. Bxf6 Qxf6 12. Re1 Nd7 13. Ne5 Nxe5 14. Rxe5 Re8 15. Qe2 b6 16. d5 Bd7 17. dxe6 Bxe6 18. Bxe6 fxe6 19. Nd5 Qf7 20. Ne3 Rad8 21. Ng4 Qf4 22. Rxe6 Kf7 23. Rxe8 Rxe8 24. Qf3 Qxf3 25. gxf3 Re2 26. b3 Kg7 27. a4 Rb2 28. Rc1 c5 29. Rd1 h5 30. Rd7+ Kf8 31. Ne5 Rxb3 32. Rxa7 Kg8 33. Nxg6 Rxf3 34. Kg2 Rf6 35. Ne5 Re6 36. Nc4 Kf8 37. a5 bxa5 38. Rxa5 Rc6 39. Ne5 Rc8 40. Nd7+ Ke7 41. Nxc5 Kf6 42. Ne4+ Kg6 43. Rc5 Re8 44. Rg5+ Kh6 45. Rxh5+ Kg6 46. Rh4 Rb8 47. f4 Kf5 48. Nd6+ Ke6 49. Rh6+ Kd5 50. Kg3 Rb3+ 51. Kg4 Rb2 52. Kg5 Rg2+ 53. Kf5 Rf2 54. h4 Kd4 55. Re6 Rh2 56. Kg5 Rg2+ 57. Kh6 Rg4 58. Re4+ Kd5 59. f5 Rg1 60. Re6 Rh1 61. h5 Rh2 62. Nf7 Rf2 63. Kg6 Rg2+ 64. Kf6 Rh2 65. h6 Rh1 66. Kg7 Rg1+ 67. Rg6 Rh1 68. h7 Ke4 69. h8Q Rxh8 70. Nxh8 Kxf5 71. Rd6 Ke5 72. Rd2 Ke4 73. Kf6 Ke3 74. Rd5 Ke4 75. Ke6 Kf4 76. Re5 Kf3 77. Kf5 Kg3 78. Re4 Kf3 79. Nf7 Kf2 80. Kf4 Kg2 81. Re3 Kf2 82. Nd6 Kf1 83. Kf3 Kg1 84. Re2 Kf1 85. Ra2 Ke1 86. Ke3 Kd1 87. Kd3 Kc1 88. Rf2 Kb1 89. Kc3 Ka1 90. Kb3 Kb1 91. Rf1# 1-0

[Event "GER-chT U18 Girls"]
[Site "Germany"]
[Date "2011.05.14"]
[Round "6.4"]
[White "Kim, Yun Mi"]
[Black "Boden, Talitha"]
[Result "1-0"]
[WhiteElo "1020"]
[BlackElo "922"]
[PlyCount "133"]
[EventDate "2011.05.13"]
[EventType "team-swiss"]
[EventRounds "7"]
[EventCountry "GER"]
[SourceTitle "EXT 2012"]
[Source "ChessBase"]
[SourceDate "2011.11.24"]
[SourceVersion "1"]
[SourceVersionDate "2011.11.24"]
[SourceQuality "1"]
[WhiteTeam "Trier (W)"]
[BlackTeam "Aue CWG (W)"]
[WhiteTeamCountry "GER"]
[BlackTeamCountry "GER"]

1. e4 d6 2. d4 Nf6 3. Nc3 g6 4. Nf3 Bg7 5. Bf4 0-0 6. Bc4 Nc6 7. 0-0 e6 8. Qd2 d5 9. exd5 exd5 10. Bb3 Re8 11. Bh6 Bf5 12. Bg5 Qd7 13. Bxf6 Bxf6 14. Nxd5 Bg7 15. c3 Ne7 16. Ne3 c6 17. Ng5 Be6 18. Nxe6 fxe6 19. Rae1 Kh8 20. Ng4 Nd5 21. Ne5 Bxe5 22. Rxe5 Rf8 23. Bxd5 exd5 24. Qe3 Rae8 25. Qg5 Rxe5 26. Qxe5+ Qg7 27. Qxg7+ Kxg7 28. Re1 Kf7 29. h3 h6 30. Re3 a6 31. Rf3+ Kg7 32. Rxf8 Kxf8 33. Kh2 Kf7 34. Kg3 Kf6 35. Kf4 h5 36. g4 hxg4 37. hxg4 g5+ 38. Kg3 b6 39. f4 a5 40. fxg5+ Kxg5 41. a3 c5 42. dxc5 bxc5 43. b4 axb4 44. axb4 cxb4 45. cxb4 d4 46. Kf3 Kf6 47. b5 Ke6 48. g5 Kd5 49. g6 Kc4 50. g7 d3 51. g8Q+ Kc3 52. Qc8+ Kd2 53. Qd8 Kc2 54. Qxd3+ Kxd3 55. b6 Kd4 56. b7 Kd5 57. b8Q Kd4 58. Qb3 Kc5 59. Qd3 Kc6 60. Qd4 Kc7 61. Qd5 Kc8 62. Qd6 Kb7 63. Ke4 Ka7 64. Qb4 Ka6 65. Kd5 Ka7 66. Kc6 Ka8 67. Qb7# 1-0